[Event "HCL-C064"]
[Site "www.playchess.de"]
[Date "2001.02.26"]
[Round "10"]
[White "rhonda202"]
[Black "jakdanl202"]
[WhiteElo "913"]
[BlackElo "1011"]
[PlyCount "54"]
[Result "1/2-1/2"]

1.e4 e5 2.Nf3 Nc6 3.d3 Bb4+ 4.c3 Ba5 5.b4 Bb6 
6.Bg5 f6 7.Bh4 d6 8.d4 exd4 9.b5 Ne5 10.cxd4 Nxf3+ 
11.gxf3 g5 12.Bg3 c6 13.bxc6 bxc6 14.Nc3 c5 
15.Qa4+ Bd7 16.Qb3 Ba5 17.O-O-O Rb8 18.Nb5 Bxb5 
19.Bxb5+ Kf8 20.Qd5 Ne7 21.Bxd6 Rxb5 22.Qc4 a6 
23.h4 Qxd6 24.e5 Qd5 25.Qa4 fxe5 26.Rhg1 Rg8 
27.Qb3 Rxb3 1/2-1/2

[Event "ACL-A032"]
[Site "www.playchess.de"]
[Date "2001.02.26"]
[Round "3"]
[White "king"]
[Black "chelo"]
[WhiteElo "1500"]
[BlackElo "1500"]
[PlyCount "29"]
[Result "1-0"]

1.e3 d5 2.Bb5+ Nc6 3.Nc3 a6 4.Bxc6+ bxc6 5.Qf3 Nf6 
6.e4 dxe4 7.Nxe4 g6 8.Nxf6+ exf6 9.Qxc6+ Bd7 
10.Qe4+ Be6 11.d3 c6 12.Nf3 Bb4+ 13.Qxb4 Rb8 
14.Qa4 Rb5 15.Qxa6 1-0

[Event "ACL-A032"]
[Site "www.playchess.de"]
[Date "2001.02.26"]
[Round "5"]
[White "Gruhni"]
[Black "king"]
[WhiteElo "1401"]
[BlackElo "1500"]
[PlyCount "89"]
[Result "1/2-1/2"]

1.e4 d5 2.exd5 Qxd5 3.Nc3 Qe5+ 4.Qe2 Nc6 5.Nf3 
Qxe2+ 6.Bxe2 Be6 7.Bb5 O-O-O 8.Bxc6 bxc6 9.d3 Nf6 
10.Be3 a6 11.Nd4 Bd5 12.Nxd5 cxd5 13.O-O Rd6 14.b4 
e5 15.Nb3 d4 16.Bd2 h5 17.a4 Rb6 18.c3 dxc3 
19.Bxc3 Bxb4 20.Bxe5 Bc3 21.Bxc3 Rxb3 22.Bxf6 gxf6 
23.d4 Rd8 24.Rfd1 Rb4 25.d5 c6 26.Rdc1 Rxd5 
27.Rxc6+ Kb7 28.Rxf6 Rxa4 29.Rxf7+ Kb6 30.Rb1+ Rb5 
31.Rxb5+ axb5 32.Kf1 Ra1+ 33.Ke2 b4 34.Rf8 Kc5 
35.Kd2 Ra2+ 36.Kc1 b3 37.Kb1 Kc4 38.Rc8+ Kb4 39.f4 
Rxg2 40.Rb8+ Ka3 41.Ra8+ Kb4 42.Rb8+ Kc3 43.Rc8+ 
Kb4 44.Rb8+ Kc3 45.Rc8+ 1/2-1/2

[Event "ACL-A032"]
[Site "www.playchess.de"]
[Date "2001.02.26"]
[Round "6"]
[White "chelo"]
[Black "Gruhni"]
[WhiteElo "1500"]
[BlackElo "1401"]
[PlyCount "26"]
[Result "0-1"]

1.d4 e6 2.Nc3 d5 3.Bf4 Bd6 4.Nh3 f6 5.g3 Ne7 6.Bg2 
Nbc6 7.O-O Nf5 8.Bxd6 cxd6 9.e3 O-O 10.Qh5 g6 
11.Qg4 Qe7 12.Bxd5 exd5 13.Nxd5 
Qg7 0-1

[Event "ACL-A032"]
[Site "www.playchess.de"]
[Date "2001.02.26"]
[Round "8"]
[White "king"]
[Black "Tassiac"]
[WhiteElo "1500"]
[BlackElo "1500"]
[PlyCount "79"]
[Result "0-1"]

1.e4 c6 2.Bc4 d5 3.Bd3 e5 4.Nc3 Nf6 5.f3 Be7 
6.Nge2 d4 7.Nb1 Nbd7 8.f4 Qc7 9.f5 Nc5 10.O-O 
Ncxe4 11.Bxe4 Nxe4 12.d3 Nd6 13.Ng3 Bd7 14.Qe2 f6 
15.Qg4 g6 16.Nd2 Qc8 17.Nde4 Nxf5 18.Nxf5 Bxf5 
19.Qh4 Bxe4 20.dxe4 Qe6 21.b3 O-O-O 22.c4 dxc3 
23.e.p Be3 24.c5 Rad1 25.Qf7 Bg5 26.Rxd1 Qg4+ 
27.f5 exf5 28.Rxf1+ Kxf1 29.gxf5 Qg3 30.Rg8 Qxe5 
31.Rxg5 Qh8+ 32.Rg8 Qxc3 33.Qd5 Qh3 34.Qd1+ Kf2 
35.Qd4+ Ke1 36.Qg1+ Kd2 37.Qxg2+ Qxg2 38.Rxg2+ Kc3 
39.Rxa2 Kc4 40.Rxh2 0-1

[Event "ACL-A032"]
[Site "www.playchess.de"]
[Date "2001.02.26"]
[Round "10"]
[White "Gruhni"]
[Black "Tassiac"]
[WhiteElo "1401"]
[BlackElo "1500"]
[PlyCount "71"]
[Result "1/2-1/2"]

1.e4 c6 2.d4 d5 3.e5 Bf5 4.Bd3 Bxd3 5.Qxd3 e6 
6.Nf3 Nd7 7.Bg5 Ne7 8.Nbd2 Qa5 9.O-O Ng6 10.Nh4 
Nxh4 11.Bxh4 c5 12.c3 g6 13.Nf3 Bg7 14.a3 Rc8 
15.Rfc1 O-O 16.b4 cxb4 17.cxb4 Qb6 18.Be7 Rfe8 
19.Bc5 Nxc5 20.bxc5 Qc6 21.Rcb1 Re7 22.a4 b6 
23.cxb6 axb6 24.Qb5 Rb7 25.Qxc6 Rxc6 26.h3 Ra7 
27.Rb3 Rc4 28.Rxb6 Rcxa4 29.Rab1 R7a8 30.R6b7 R4a7 
31.Ng5 Rxb7 32.Rxb7 Rf8 33.f4 h6 34.Nf3 Ra8 35.Rb3 
Ra7 36.g4 1/2-1/2

[Event "ACL-A032"]
[Site "www.playchess.de"]
[Date "2001.02.26"]
[Round "14"]
[White "u2krazie"]
[Black "Gruhni"]
[WhiteElo "1500"]
[BlackElo "1401"]
[PlyCount "46"]
[Result "0-1"]

1.e4 e5 2.Bc4 Bc5 3.Nf3 Nc6 4.d4 Bxd4 5.Ng5 Nh6 
6.Nf3 d6 7.Bg5 f6 8.Bxh6 gxh6 9.c3 Bb6 10.O-O Bg4 
11.Qd5 Qe7 12.Nbd2 O-O-O 13.Bb5 Bd7 14.Nb3 a6 
15.Be2 Qg7 16.Nh4 Rhg8 17.g3 Qg5 18.a4 Qxh4 19.Kh1 
Qg5 20.Nd2 Ne7 21.Qd3 Bh3 22.f4 exf4 23.Rxf4 
Qxf4 0-1

[Event "ACL-A032"]
[Site "www.playchess.de"]
[Date "2001.02.26"]
[Round "19"]
[White "Gruhni"]
[Black "Dany"]
[WhiteElo "1401"]
[BlackElo "1166"]
[PlyCount "66"]
[Result "0-1"]

1.e4 c6 2.d4 d5 3.e5 Bf5 4.Bd3 Bxd3 5.Qxd3 e6 
6.Nf3 Nd7 7.Bg5 Be7 8.h4 h6 9.Bxe7 Nxe7 10.Nbd2 c5 
11.c3 c4 12.Qc2 b5 13.a4 a6 14.O-O Nf5 15.g4 Nxh4 
16.axb5 Nxf3+ 17.Nxf3 axb5 18.b4 O-O 19.Rxa8 Qxa8 
20.Qb2 Qb7 21.Nd2 Ra8 22.Ra1 Ra6 23.Rxa6 Qxa6 
24.Nb1 Qa4 25.Qc1 Nb6 26.g5 hxg5 27.Nd2 Qa2 28.Nf3 
Na4 29.Nxg5 Qb3 30.Qf4 Qb1+ 31.Kh2 Qf5 32.Qh4 Nxc3 
33.Nh7 Qxh7 0-1

[Event "ACL-A032"]
[Site "www.playchess.de"]
[Date "2001.02.26"]
[Round "20"]
[White "Dany"]
[Black "Tassiac"]
[WhiteElo "1166"]
[BlackElo "1500"]
[PlyCount "73"]
[Result "1-0"]

1.d4 d5 2.e3 Nf6 3.c4 c6 4.Nc3 Bf5 5.Bd3 Bxd3 
6.Qxd3 e6 7.Nf3 Nbd7 8.O-O Bd6 9.c5 Bc7 10.Bd2 O-O 
11.b4 Re8 12.a4 e5 13.dxe5 Nxe5 14.Nxe5 Bxe5 
15.Ra2 Ng4 16.f4 Bc7 17.h3 Nf6 18.Ne2 Ne4 19.Rf3 
Qe7 20.Qd4 Rad8 21.Bc3 Nxc3 22.Nxc3 Qh4 23.Ne2 Re4 
24.Qc3 Rde8 25.Ng3 Rc4 26.Qxg7+ Kxg7 27.Nf5+ Kh8 
28.Nxh4 Rxb4 29.Rg3 Rb3 30.Kf2 Rc3 31.Rb2 b6 
32.cxb6 axb6 33.a5 bxa5 34.Rb7 Rc2+ 35.Kf3 Bd8 
36.Nf5 d4 37.Nxd4 1-0

[Event "HCL-A011"]
[Site "www.playchess.de"]
[Date "2001.02.27"]
[Round "15"]
[White "sazex"]
[Black "Ulf"]
[WhiteElo "1700"]
[BlackElo "2054"]
[PlyCount "125"]
[Result "1-0"]

1.e4 c5 2.Nf3 d6 3.Bb5+ Bd7 4.Nc3 Nf6 5.Qe2 e5 
6.O-O Nc6 7.d3 Be7 8.Re1 a6 9.Bxc6 Bxc6 10.b3 b5 
11.a3 O-O 12.Bb2 Qd7 13.b4 Qa7 14.Nd1 cxb4 15.axb4 
Rfc8 16.Ne3 g6 17.Ra2 Bf8 18.Rea1 Bb7 19.c3 Bh6 
20.Nf1 Nd7 21.R2a5 Qb8 22.Ne3 Nb6 23.R1a3 Rc7 
24.Nd2 Qc8 25.c4 Bxe3 26.Qxe3 bxc4 27.Qxb6 c3 
28.Rxc3 Rxc3 29.Bxc3 Qxc3 30.Qxb7 Rc8 31.Rxa6 Rc7 
32.Ra8+ Kg7 33.Qb8 Qxd2 34.Qf8+ Kf6 35.Qxd6+ Kg7 
36.g3 Rc1+ 37.Kg2 Qd1 38.Qxe5+ Kh6 39.Qf4+ Kg7 
40.Qd6 Kh6 41.Rh8 Qg1+ 42.Kf3 Qd1+ 43.Kf4 Qd2+ 
44.Kg4 Qg5+ 45.Kf3 Qh5+ 46.Kg2 Qe2 47.Qf4+ Kg7 
48.Qxc1 Kxh8 49.Qc3+ Kg8 50.b5 Qa2 51.Qc8+ Kg7 
52.b6 Qb1 53.b7 Qxd3 54.Qe8 Qb1 55.b8Q Qxb8 
56.Qxb8 g5 57.Qe5+ Kf8 58.Qxg5 Ke8 59.h4 Kd7 60.h5 
Kc6 61.Qd5+ Kb6 62.Qxf7 Kc6 63.e5 1-0

[Event "HCL-A017"]
[Site "www.playchess.de"]
[Date "2001.02.27"]
[Round "7"]
[White "satura"]
[Black "Svetchka"]
[WhiteElo "1700"]
[BlackElo "1985"]
[PlyCount "76"]
[Result "1/2-1/2"]

1.c4 e5 2.Nc3 Nc6 3.g3 f5 4.Bg2 Nf6 5.e3 d6 6.d4 
Be7 7.Nf3 e4 8.Ng5 O-O 9.O-O Qe8 10.Nh3 Qf7 11.b3 
a6 12.f3 exf3 13.Bxf3 Nd8 14.Ng5 Qg6 15.e4 c6 
16.exf5 Bxf5 17.Re1 Re8 18.Bf4 Nf7 19.Ne6 Bxe6 
20.Rxe6 Bf8 21.Rxe8 Rxe8 22.Qb1 Qxb1+ 23.Rxb1 g5 
24.Bd2 g4 25.Bg2 Kg7 26.Kf2 Kg6 27.Re1 Rxe1 
28.Kxe1 Ng5 29.Ke2 Ne6 30.Kd3 Ng5 31.Bf4 Ne6 
32.Bc1 Ng5 33.Ne2 Kf5 34.d5 c5 35.Bxg5 Kxg5 36.Nf4 
Kf5 37.Ne6 Be7 38.a3 Ke5 1/2-1/2

[Event "HCL-A042"]
[Site "www.playchess.de"]
[Date "2001.02.27"]
[Round "4"]
[White "sazex"]
[Black "dynamitedan"]
[WhiteElo "1688"]
[BlackElo "1934"]
[PlyCount "85"]
[Result "1-0"]

1.e4 c5 2.Nf3 d6 3.d4 cxd4 4.Nxd4 Nf6 5.Nc3 a6 
6.Be2 e5 7.Nb3 Be7 8.O-O O-O 9.f4 b5 10.Be3 Bb7 
11.fxe5 dxe5 12.Qxd8 Rxd8 13.Na5 Bc6 14.Bf3 Bb4 
15.Nxc6 Nxc6 16.Nd5 Nxd5 17.exd5 Nd4 18.Bxd4 exd4 
19.a4 Bc5 20.Kh1 bxa4 21.Rxa4 Rab8 22.Ra2 g6 23.g4 
Rde8 24.h4 Rb6 25.h5 Re3 26.Kg2 d3 27.cxd3 Rxd3 
28.Rd1 Rdb3 29.Rd2 gxh5 30.gxh5 f5 31.d6 Kg7 
{Oops!!!  what a terrible last move. I suppose 
with so many games going you make the occasional 
slip}  32.d7 Be7 33.d8Q {%}  Bxd8 34.Rxd8 R3xb2+ 
35.Rxb2 Rxb2+ 36.Kg3 a5 37.Kf4 Rb5 38.Bd5 a4 
39.Kg5 h6+ 40.Kxf5 Rb4 41.Rg8+ Kh7 42.Ra8 Rb5 
43.Ra7+ 1-0

[Event "HCL-A046"]
[Site "www.playchess.de"]
[Date "2001.02.27"]
[Round "2"]
[White "Mandrake"]
[Black "Felix"]
[WhiteElo "1498"]
[BlackElo "1570"]
[PlyCount "40"]
[Result "0-1"]

1.Nf3 Nf6 2.d4 d5 3.g3 Bf5 4.Bg2 e6 5.O-O c5 6.c3 
Nc6 7.Qb3 Qd7 8.Bg5 Ne4 9.Nbd2 Nxg5 10.Nxg5 Be7 
11.Ngf3 O-O 12.Rfe1 Rac8 13.e4 dxe4 14.Nxe4 cxd4 
15.Nxd4 Nxd4 16.cxd4 Qxd4 17.Qxb7 Rc2 18.Rad1 Bxe4 
19.Rxd4 Bxb7 20.Bxb7 Bc5 0-1

[Event "HCL-A046"]
[Site "www.playchess.de"]
[Date "2001.02.27"]
[Round "30"]
[White "gambitfanatic"]
[Black "SSC"]
[WhiteElo "1422"]
[BlackElo "2187"]
[PlyCount "70"]
[Result "0-1"]

1.d4 Nf6 2.Nf3 e6 3.e3 b6 4.Bd3 Bb7 5.Nbd2 c5 6.b3 
Be7 7.Bb2 d6 8.O-O Nbd7 9.c4 O-O 10.Re1 d5 11.Ne5 
Nxe5 12.dxe5 Nd7 13.f4 Qc7 14.Qh5 h6 15.Nf3 dxc4 
16.Bxc4 a6 17.Rad1 b5 18.Bd3 Nb6 19.f5 c4 20.bxc4 
Bb4 21.Ref1 bxc4 22.Bc2 c3 23.Bc1 Bxf3 24.Rxf3 
Qxe5 25.e4 Rad8 26.Rxd8 Rxd8 27.Bxh6 gxh6 28.Qxh6 
Rd1+ 29.Bxd1 Qd4+ 30.Kf1 Qxd1+ 31.Kf2 Bc5+ 32.Kg3 
Qd2 33.Qxd2 cxd2 34.Rd3 Nc4 35.Kf3 
Ne5+ 0-1

[Event "HCL-A052"]
[Site "www.playchess.de"]
[Date "2001.02.27"]
[Round "8"]
[White "chesskarma"]
[Black "Mathemagician"]
[WhiteElo "1710"]
[BlackElo "1551"]
[PlyCount "34"]
[Result "0-1"]

1.Nf3 Nf6 2.g3 g6 3.Bg2 Bg7 4.O-O O-O 5.d3 Nc6 
6.Nc3 d6 7.Bd2 Bg4 8.e4 Qd7 9.Qc1 Rad8 10.a4 d5 
11.exd5 Nxd5 12.Nxd5 Qxd5 13.Ng5 Qd7 14.Re1 Nd4 
15.f3 Bf5 16.Qd1 h6 17.Ne4 Bxe4 0-1

[Event "HCL-A058"]
[Site "www.playchess.de"]
[Date "2001.02.27"]
[Round "10"]
[White "daphatmon"]
[Black "mariuszk"]
[WhiteElo "1598"]
[BlackElo "2049"]
[PlyCount "47"]
[Result "1-0"]

1.e4 Nf6 2.d3 c5 3.Be3 d5 4.exd5 Nxd5 5.Bd2 Nc6 
6.Nf3 e6 7.Be2 Be7 8.O-O O-O 9.Re1 b6 10.Nc3 Nxc3 
11.Bxc3 Bf6 12.Bxf6 Qxf6 13.c3 e5 14.h3 Bf5 15.Bf1 
Rad8 16.Qc2 c4 17.Re3 Rd7 18.Rd1 Rfd8 19.Rd2 R7d5 
20.Qd1 Qd6 21.d4 h6 22.Bxc4 Bxh3 23.Bxd5 exd4 
24.Bxc6 1-0

[Event "HCL-A059"]
[Site "www.playchess.de"]
[Date "2001.02.27"]
[Round "8"]
[White "rtkohn"]
[Black "FrenchKnight"]
[WhiteElo "1700"]
[BlackElo "1758"]
[PlyCount "55"]
[Result "1-0"]

1.e4 d5 2.exd5 Qxd5 3.Nc3 Qa5 4.d4 Nf6 5.Nf3 Bg4 
6.h3 Bh5 7.g4 Bg6 8.Bc4 c6 9.Bd2 e6 10.Ne5 Qd8 
11.Bg5 Be7 12.h4 h6 13.Nxg6 fxg6 14.Bxf6 gxf6 
15.Bxe6 Bb4 16.Qd3 Qe7 17.O-O-O Kd8 18.Rhe1 Bxc3 
19.Qxc3 Qd6 20.d5 Qf4+ 21.Kb1 Kc7 22.f3 Rd8 23.Re4 
Qd6 24.Qxf6 cxd5 25.Rxd5 Qxd5 26.Bxd5 Rxd5 27.Qf7+ 
Kc6 28.Rc4+ 1-0

[Event "HCL-A061"]
[Site "www.playchess.de"]
[Date "2001.02.27"]
[Round "13"]
[White "Kasparovjr"]
[Black "gelus"]
[WhiteElo "1700"]
[BlackElo "1700"]
[PlyCount "114"]
[Result "0-1"]

1.d4 Nf6 2.c4 e6 3.Nf3 b6 4.g3 Bb7 5.Bg2 Be7 6.O-O 
O-O 7.d5 exd5 8.Nh4 c6 9.cxd5 Nxd5 10.Nf5 Nc7 
11.e4 d5 12.Nc3 Bf6 13.exd5 cxd5 14.Bf4 Nba6 
15.Bd6 Re8 16.Bf4 Be5 17.Qg4 Qf6 18.Rfe1 Bxf4 
19.Qxf4 Re6 20.Rad1 Rae8 21.Rxe6 fxe6 22.Nd6 Rb8 
23.Nxb7 Rxb7 24.Qxf6 {looks like two of us are the 
only one in our tournament who are actuallly 
playing.}  gxf6 25.f4 f5 {:-)}  26.Ne2 Nb5 27.a4 
Nbc7 28.Nd4 Nc5 29.b3 Kf7 30.Rc1 N7a6 31.Bf3 Rc7 
32.Nb5 {will you be happy with a draw, or will you 
try to win this one}  Re7 33.Rc3 Nb4 34.Nd4 Kf6 
35.Be2 e5 36.fxe5+ Rxe5 37.Rf3 Ne6 38.Nxe6 Kxe6 
39.Kf2 d4 40.Bc4+ Kf6 41.g4 Kg5 42.Rxf5+ Rxf5+ 
43.gxf5 Kxf5 44.Kf3 Ke5 45.h3 Kd6 46.Ke4 Kc5 {.}  
47.Bg8 {Do you speak English?}  h6 48.Bc4 a5 {I 
don't speak english, sorry}  49.Bf7 {Draw?}  Nc2 
{you are loses...}  50.h4 {sure?}  Na1 51.h5 Kb4 
52.Kxd4 Nxb3+ 53.Ke5 Kxa4 54.Kf6 Kb4 55.Kg7 a4 
56.Bg6 a3 57.Bb1 Kc3 0-1

[Event "HCL-B058"]
[Site "www.playchess.de"]
[Date "2001.02.27"]
[Round "17"]
[White "Axel"]
[Black "giya"]
[WhiteElo "1500"]
[BlackElo "1500"]
[PlyCount "59"]
[Result "1/2-1/2"]

1.e4 c5 2.Nf3 d6 3.d4 cxd4 4.Nxd4 Nf6 5.Nc3 a6 
6.Bg5 e5 7.Nb3 Be6 8.Be2 Be7 9.Qd2 O-O 10.O-O h6 
11.Bxf6 Bxf6 12.Rad1 Be7 13.f4 exf4 14.Qxf4 Nc6 
15.Nd5 Bg5 16.Qg3 Rc8 17.c4 Re8 18.c5 Bxd5 19.Rxd5 
Rxe4 20.Bg4 Rb8 21.cxd6 Nb4 22.Rdf5 Qb6+ 23.Kh1 
Re3 24.Bf3 g6 25.Re5 Rxe5 26.Qxe5 Nd3 27.Qd4 Qxd4 
28.Nxd4 Rd8 29.Bxb7 Rxd6 30.Nf3 1/2-1/2

[Event "HCL-B058"]
[Site "www.playchess.de"]
[Date "2001.02.27"]
[Round "21"]
[White "Yogibear"]
[Black "giya"]
[WhiteElo "1500"]
[BlackElo "1500"]
[PlyCount "99"]
[Result "1/2-1/2"]

1.c4 g6 2.g3 Bg7 3.Bg2 Nf6 4.Nf3 O-O 5.O-O d5 6.d4 
e6 7.Qc2 Nbd7 8.Nbd2 b6 9.b4 Bb7 10.Ba3 Re8 
11.Rac1 c6 12.Rfd1 a5 13.bxa5 Rxa5 14.Bb4 Ra6 
15.c5 bxc5 16.dxc5 Ra7 17.a3 Ba6 18.e4 Bb5 19.Rde1 
Ng4 20.exd5 exd5 21.Rxe8+ Qxe8 22.h3 Nge5 23.Nd4 
Bd3 24.Qc3 Ba6 25.Re1 Qd8 26.Qe3 Qc7 27.Bf1 Bxf1 
28.Kxf1 Nf8 29.f4 Ned7 30.N2f3 Ra8 31.Kg2 h6 32.f5 
g5 33.Nb3 Nh7 34.Qe7 Bf8 35.Qe3 Nhf6 36.Ne5 Re8 
37.Nxd7 Qxd7 38.Qf3 Rxe1 39.Bxe1 Ne4 40.Bb4 Qe7 
41.Nc1 Qf6 42.Nd3 Qa1 43.Qe2 Bg7 44.Nf2 Bd4 
45.Nxe4 dxe4 46.Be1 Qxa3 47.Qxe4 Qxc5 48.g4 Kg7 
49.h4 Qd5 50.Qxd5 1/2-1/2

[Event "HCL-B109"]
[Site "www.playchess.de"]
[Date "2001.02.27"]
[Round "7"]
[White "DTG007"]
[Black "tuzlak"]
[WhiteElo "1021"]
[BlackElo "1500"]
[PlyCount "48"]
[Result "0-1"]

1.e4 e5 2.Nf3 Nc6 3.Bc4 Bc5 4.c3 Nf6 5.d4 exd4 
6.cxd4 Bb4+ 7.Bd2 Nxe4 8.Bxb4 Nxb4 9.Bxf7+ Kxf7 
10.Qb3+ d5 11.Ne5+ Ke8 12.Qxb4 Qd6 13.Qxd6 Nxd6 
14.Nd2 Bf5 15.g4 Be6 16.f4 g6 17.Rc1 c6 18.Ke2 Rf8 
19.Rhf1 Kd8 20.b4 Kc7 21.a4 Kb6 22.Kf3 a5 23.b5 
cxb5 24.axb5 Nxb5 0-1

[Event "HCL-B147"]
[Site "www.playchess.de"]
[Date "2001.02.27"]
[Round "3"]
[White "Rosenstielke"]
[Black "ggaarrii"]
[WhiteElo "1200"]
[BlackElo "1392"]
[PlyCount "71"]
[Result "1-0"]

1.e4 c5 2.b4 d6 3.bxc5 dxc5 4.Nc3 e6 5.Nf3 Nf6 
6.Bc4 a6 7.a4 Nc6 8.O-O Be7 9.e5 Nd7 10.Qe2 O-O 
11.Bd3 Qc7 12.Re1 Rb8 13.Bb2 b6 14.Bxa6 Bxa6 
15.Qxa6 Ndxe5 16.Nxe5 Nxe5 17.Nb5 Nf3+ 18.gxf3 Qf4 
19.Be5 Qg5+ {i have started very risky business 
but we shall see....}  20.Kh1 Rbd8 21.Bxg7 Qxg7 
22.Reg1 Bg5 23.Rxg5 {I like risky lines,but this 
one,even I wouldn´t try.}  Qxg5 {What was that???} 
 24.Rg1 {Good enough to win.}  Qxg1+ {Yes! I 
wasn't looking that far :o(}  25.Kxg1 Rxd2 26.c3 
Kh8 27.f4 Rg8+ 28.Kf1 Rd1+ 29.Ke2 Rgg1 30.Qxb6 h5 
31.Qxc5 Rge1+ 32.Kf3 Kg7 33.Qxh5 Rd3+ 34.Kg2 Rdd1 
35.c4 Reg1+ 36.Kf3 1-0

[Event "HCL-C090"]
[Site "www.playchess.de"]
[Date "2001.02.27"]
[Round "5"]
[White "de_Leon"]
[Black "flywheel"]
[WhiteElo "1000"]
[BlackElo "1336"]
[PlyCount "46"]
[Result "0-1"]

1.d4 d5 2.e3 Nf6 3.Nf3 Bg4 4.Bd3 e6 5.Nbd2 Bb4 
6.c3 Ba5 7.b4 Bb6 8.c4 dxc4 9.Nxc4 Nc6 10.a3 a5 
11.Nxb6 cxb6 12.b5 Ne7 13.a4 O-O 14.O-O Ned5 
15.Bb2 Rc8 16.h3 Bxh3 17.gxh3 Nh5 18.Rc1 Nb4 
19.Ba3 f5 20.Ne5 Qg5+ 21.Kh2 f4 22.Rxc8 Rxc8 
23.Bxb4 axb4 0-1

[Event "HCL-C090"]
[Site "www.playchess.de"]
[Date "2001.02.27"]
[Round "32"]
[White "de_Leon"]
[Black "Cooldude"]
[WhiteElo "1000"]
[BlackElo "952"]
[PlyCount "42"]
[Result "0-1"]

1.d4 d5 2.Nf3 Bf5 3.e3 e6 4.Bd3 Qf6 5.O-O Bd6 
6.Nbd2 Qg6 7.Nh4 Qh6 8.Bxf5 exf5 9.g3 g6 10.e4 g5 
11.Nxf5 Qf6 12.e5 Qxf5 13.exd6 cxd6 14.Re1+ Kd8 
15.c4 Nf6 16.c5 dxc5 17.dxc5 Nc6 18.Nf3 Ne4 19.Be3 
Re8 20.b4 a6 21.a4 Nxb4 0-1

[Event "HCL-C125"]
[Site "www.playchess.de"]
[Date "2001.02.27"]
[Round "27"]
[White "Alcoholic"]
[Black "Navi"]
[WhiteElo "1507"]
[BlackElo "1513"]
[PlyCount "41"]
[Result "1-0"]

1.d4 Nf6 2.c4 g6 3.Nc3 Bg7 4.Nf3 O-O 5.e4 d6 6.Be2 
Nbd7 7.O-O e5 8.Be3 Ng4 9.Bg5 f6 10.Bh4 exd4 
11.Nxd4 Nde5 12.h3 Nh6 13.f4 Nc6 14.Nxc6 bxc6 
15.c5 Qd7 16.Bc4+ Nf7 17.Qd2 f5 18.Rfe1 fxe4 
19.Nxe4 d5 20.Rad1 Nd8 21.Nc3 1-0

[Event "HCL-C130"]
[Site "www.playchess.de"]
[Date "2001.02.27"]
[Round "13"]
[White "Coney"]
[Black "Diagoras"]
[WhiteElo "994"]
[BlackElo "1289"]
[PlyCount "35"]
[Result "1-0"]

1.e4 c5 2.Nf3 Nc6 3.Nc3 Nf6 4.Bc4 e6 5.d4 cxd4 
6.Nxd4 Ne5 7.Bb3 Bb4 8.Qe2 Qb6 9.Be3 Nxe4 10.Ndb5 
Qc6 11.Bd4 Bxc3+ 12.bxc3 f6 13.Bxe5 fxe5 14.Qh5+ 
g6 15.Qxe5 O-O 16.O-O Rf5 17.Qd4 Rxb5 
18.Ba4 1-0

[Event "HCL-C139"]
[Site "www.playchess.de"]
[Date "2001.02.27"]
[Round "9"]
[White "king"]
[Black "asb"]
[WhiteElo "1191"]
[BlackElo "1000"]
[PlyCount "50"]
[Result "0-1"]

1.e4 e5 2.g3 h6 3.Bg2 Bc5 4.Nf3 d6 5.d4 exd4 
6.Nxd4 Nc6 7.Nxc6 bxc6 8.e5 d5 9.Nc3 Ne7 10.a3 O-O 
11.Na4 Bb6 12.b4 Ba6 13.Bf1 Bb5 14.Nc3 Ng6 15.f4 
Qe7 16.Bxb5 d4 17.Bxc6 dxc3 18.Bxa8 Rxa8 19.Qd5 
Rd8 20.Qe4 Qe8 21.h4 Rd4 22.Qf3 f6 23.Qxc3 Qb5 
24.a4 Re4+ 25.Kd1 Qe2+ 0-1

[Event "HCL-C142"]
[Site "www.playchess.de"]
[Date "2001.02.27"]
[Round "26"]
[White "Brazil"]
[Black "kldr"]
[WhiteElo "1000"]
[BlackElo "1616"]
[PlyCount "53"]
[Result "1/2-1/2"]

1.Nf3 d5 2.c4 dxc4 3.Na3 Nf6 4.Nxc4 Nc6 5.b3 e6 
6.Bb2 b6 7.g3 Bb7 8.Bg2 Nb4 {Hello again, Andre. 
Happy New Year. Klaus}  9.a3 {Hi again Klaus ! 
Happy new your for you too ! Finally we are back 
!}  Na6 {I´ve missed this site a lot. What about 
you?}  10.d4 Be7 11.O-O {This is the best place to 
play chess over the internet ! Where do u live in 
Germany ?}  O-O {In Essen, an industrial town on 
the river Ruhr, Western part of Germany}  12.Qc2 
{Do u know any other chesssite like this ?}  Be4 
{I play on schachspiel.de, a German chess-site. 
Many players of that site are here, too.}  13.Qd2 
Qd5 14.Ne1 Bxg2 15.Nxg2 c5 16.Nf4 Qg5 17.h4 Qh6 
18.Nd3 Qxd2 {Hi Andre. Have a nice weekend. Klaus} 
 19.Nxd2 cxd4 20.Bxd4 {Hey Klaus ! How r u ? I 
sent you a message a few days ago using the site 
mail service.}  Rfd8 {Sorry, I didn´t get the 
message.}  21.Nf3 {No problem. It seems you´re 
going to win this tournment ! How long do you play 
chess ?}  Ne4 {Started as a child.Just played 
occasionally(not often)for the last 35years.Now 
again on internet.}  22.Rfd1 {What do you do ?}  
Rd5 {You mean my job?}  23.Nf4 Rd6 24.Be5 {Yes}  
Rxd1+ {I am a teacher, and you?}  25.Rxd1 Rd8 
26.Rxd8+ {Engineer...what do u teach ?}  Bxd8 
{English, German, Economics.My other Brazilian 
opponent is already tired of carnival.What about 
you?}  27.Ne1 {Carnival is cool ! But is not the 
type of thing that a chessplayer would like ....} 
 1/2-1/2

[Event "HCL-C149"]
[Site "www.playchess.de"]
[Date "2001.02.27"]
[Round "8"]
[White "arsenic"]
[Black "tewas"]
[WhiteElo "1257"]
[BlackElo "1000"]
[PlyCount "52"]
[Result "0-1"]

1.e4 e5 2.Nf3 Nc6 3.Bc4 Bc5 4.O-O d6 5.c3 Bb6 
6.Bb3 Bg4 7.d3 Nf6 8.Nbd2 O-O 9.Nc4 Bc5 10.Be3 b5 
11.Ncd2 Bxe3 12.fxe3 Na5 13.Bc2 d5 14.Qe1 Bxf3 
15.Nxf3 dxe4 16.Nxe5 exd3 17.Nxd3 Re8 18.Qg3 Nc4 
19.Rad1 Nxe3 20.Nf4 Nxf1 21.Kxf1 Qe7 22.Bd3 Ne4 
23.Qh3 Nd2+ 24.Kg1 Qc5+ 25.Kh1 Ne4 26.Re1 
Nf2+ 0-1

[Event "ACL-A054"]
[Site "www.playchess.de"]
[Date "2001.02.27"]
[Round "14"]
[White "Milamber"]
[Black "BENEVOLENTONE"]
[WhiteElo "2103"]
[BlackElo "1500"]
[PlyCount "93"]
[Result "1-0"]

1.d4 e6 2.c4 d5 3.Nc3 Bb4 4.Nf3 Nc6 5.e3 Bxc3+ 
6.bxc3 Nf6 7.Ba3 Ne4 8.Qc2 Na5 9.Bd3 c5 10.cxd5 
exd5 11.Bxe4 dxe4 12.Qxe4+ Be6 13.Bxc5 b6 14.Bb4 
Rc8 15.Qe5 Qf6 16.Qxf6 gxf6 17.Bxa5 bxa5 18.Kd2 
Bg4 19.Rhb1 O-O 20.Kd3 Bf5+ 21.e4 Bd7 22.Rb7 Bc6 
23.Rxa7 Rfe8 24.Nd2 Bb5+ 25.c4 Bc6 26.Rxa5 Bd7 
27.a4 Kg7 28.Ra7 Bg4 29.f3 Bh5 30.g4 Bg6 31.f4 h5 
32.f5 Bh7 33.c5 Bg8 {WELCOMEBACK}  34.Nc4 Rcb8 
35.Nb6 Kh6 36.a5 Kg5 37.a6 hxg4 38.Rc7 Kh4 39.a7 
Kh3 {dam im getting a lickin am i that bad or u 
just that good}  40.axb8Q {%}  Rxb8 41.Ra8 {i 
think i am able to play chess,sometimes good 
chess}  Rxa8 42.Nxa8 Kxh2 43.Rc8 g3 44.Rxg8 g2 
45.c6 g1Q {%}  46.Rxg1 Kxg1 47.c7 1-0

[Event "ACL-A071"]
[Site "www.playchess.de"]
[Date "2001.02.27"]
[Round "10"]
[White "Bluemax"]
[Black "supercazzola"]
[WhiteElo "1500"]
[BlackElo "1500"]
[PlyCount "26"]
[Result "0-1"]

1.e4 c5 2.Nf3 e6 3.d4 cxd4 4.Nxd4 a6 5.Bd3 Nc6 
6.Nxc6 dxc6 7.O-O e5 8.Nd2 Qc7 9.Nc4 b5 10.Ne3 Nf6 
11.a4 Bb7 12.axb5 cxb5 13.c4 Rd8 0-1